000 01891cam a22004934i 4500
003 PE-LiUPU
005 20250731172950.0
008 150623s r 000 0 d
020 _a080101154X
035 _a(Sirsi) i9780801011542
040 _aPE-LiUPU
_bspa
_cPE-LiUPU
_erda
049 _aPRUA
082 0 4 _a231.4
_bE75
_221
100 1 _aErickson, Millard J.,
_eautor.
245 1 0 _aGod the father almighty :
_ba contemporary exploration of the divine attributes /
_cMillard J. Erickson.
264 1 _aGrand Rapids, Michigan :
_bBaker Books,
_c1998.
300 _a301 páginas ;
_c23.5 centímetros
336 _atext
_2rdacontent
337 _aunmediated
_2rdamedia
338 _avolume
_2rdacarrier
504 _aBibliografía al pie de páginas.
505 0 _aIntroduction. -Challenges to the traditional understanding of God. -The attributes of God. -Conclusion.
526 _aSEG42
526 _aSEG41
526 _aSEG40
526 _aSEG39
526 _aP94
526 _aP87
526 _aP86
526 _aP85
526 _aP77
526 _aP76
526 _aP35
650 0 4 _aDios (Cristianismo)
_xAtributos.
942 _2ddc
_cBOOK
949 _a231.4 E75
_wDEWEY
_c1
_i44919
_lCCODEBUL1
_mBUL
_r0
_sY
_tBOOK
_u2015-6-24
_xTEOLOGIA
_PP35
_0COMPRA
_o.STAFF. Colección General
949 _a231.4 E75
_wDEWEY
_c2
_i45774
_lCCODEBUL1
_mBUL
_r0
_sY
_tBOOK
_u2015-6-24
_xTEOLOGIA
_PP35
_0COMPRA
_o.STAFF. Colección General
994 _aC0
_bPEPRU
596 _a1
999 _a231.4 E75
_wDEWEY
_c21791
_i44919
_d21791
_e2018-10-10
_f2021-11-9
_g5
_lCCODEBUL1
_mBUL
_n2
_q1
_r0
_sY
_tBOOK
_u2015-6-24
_xTEOLOGIA
_PP35
_0COMPRA
_o.STAFF. Colección General
999 _a231.4 E75
_wDEWEY
_c2
_i45774
_f2021-11-9
_g5
_lCCODEBUL1
_mBUL
_r0
_sY
_tBOOK
_u2015-6-24
_xTEOLOGIA
_PP35
_0COMPRA
_o.STAFF. Colección General
980 _81
_gALBERTO SANCHEZ Responsable de Automatización